| 000 | 01271nam a2200229Ia 4500 | ||
|---|---|---|---|
| 001 | L200-53447 | ||
| 003 | IT-CnALBA | ||
| 008 | 170116s9999||||xx |||||||||||||| ||und|| | ||
| 040 |
_aIT-CnALBA _cIT-CnALBA |
||
| 041 | _aITALIANO | ||
| 100 | _aBORZOMATI PIETRO | ||
| 245 | 0 | _aDALLA CALABRIA AL MESSICO. LA VICENDA SPIRITUALE E SOCIALE DI PADRE VINCENZO IDA'. | |
| 250 | _a1a ed. | ||
| 260 |
_aCZ _bRUBBETTINO EDITORE. SOVERIA MANNELLI CZ' _c1999 [1° Ed.:1999 - Ed.Ling.Originale: 1999] |
||
| 300 | _a300 p. | ||
| 500 | _aFONDATORE DEI MISSIONARI PER L'EVANGELIZZAZIONE. SPIRITUALITÀ E PROMOZIONE UMANA. VOCAZIONE PER CRISTO E GLI ULTIMI. APOSTOLO. CUORE EUCARISTICO. SERVIZIO POVERI E CHIESA. FONDATORE CONGREGAZIONE FEMMINILE. IL PROGETTO APOSTOLICO. MAESTRO DI SPIRITUALITÀ. | ||
| 501 | _aSocietà San Paolo EM - Piazza San Paolo, 14 - 12051 ALBA (CN) (non commercial uses only) ® Copyright 2017 | ||
| 520 | _aFONDATORE DEI MISSIONARI PER L'EVANGELIZZAZIONE. SPIRITUALITÀ E PROMOZIONE UMANA. VOCAZIONE PER CRISTO E GLI ULTIMI. APOSTOLO. CUORE EUCARISTICO. SERVIZIO POVERI E CHIESA. FONDATORE CONGREGAZIONE FEMMINILE. IL PROGETTO APOSTOLICO. MAESTRO DI SPIRITUALITÀ. | ||
| 650 | _aRELIGIONE - RELIGIONE CRISTIANA | ||
| 942 | _cBK | ||
| 957 | _71 | ||
| 999 |
_a70937 _bNO _g Copie: 1 _c312326 _d312326 |
||